Rural boundaries for rate relief (Record no. 68579)

MARC details
000 -LEADER
fixed length control field 00964cam a2200217 4500
001 - CONTROL NUMBER
control field WB3739-27
008 - FIXED-LENGTH DATA ELEMENTS--GENERAL INFORMATION
fixed length control field 011016n2001 000 0 eng u
035 ## - SYSTEM CONTROL NUMBER
System control number (Sirsi) u115144
245 ## - TITLE STATEMENT
Title Rural boundaries for rate relief
260 ## - PUBLICATION, DISTRIBUTION, ETC.
Date of publication, distribution, etc. 2001
490 ## - SERIES STATEMENT
Series statement DTLR News Release
Volume/sequential designation (434) 15 October 2001, (2)
520 ## - SUMMARY, ETC.
Summary, etc. Government plans to review the way rural areas are identified to receive rate relief under the village shop rate relief scheme. It is proposed that the areas are identified by reference to maps which will make the scheme easier to administer and easier for rural businesses to know whether they qualify for rate relief. Consultation paper and proposed maps are available at http://www.dtlr.gov.uk.
590 ## - LOCAL NOTE (RLIN)
Local note WB
650 ## - SUBJECT ADDED ENTRY--TOPICAL TERM
Topical term or geographic name entry element RATE RELIEF
650 ## - SUBJECT ADDED ENTRY--TOPICAL TERM
Topical term or geographic name entry element RURAL BUSINESSES
650 ## - SUBJECT ADDED ENTRY--TOPICAL TERM
Topical term or geographic name entry element VILLAGE SHOP RATE RELIEF SCHEME
650 ## - SUBJECT ADDED ENTRY--TOPICAL TERM
Topical term or geographic name entry element RURAL BOUNDARIES
650 ## - SUBJECT ADDED ENTRY--TOPICAL TERM
Topical term or geographic name entry element RURAL COMMUNITIES
690 ## - LOCAL SUBJECT ADDED ENTRY--TOPICAL TERM (OCLC, RLIN)
Topical term or geographic name as entry element RATING AND LOCAL TAXATION
942 ## - ADDED ENTRY ELEMENTS (KOHA)
Suppress in OPAC 0
Holdings
Withdrawn status Lost status Source of classification or shelving scheme Damaged status Not for loan Home library Current library Shelving location Date acquired Total Checkouts Full call number Barcode Date last seen Copy number Price effective from Koha item type
    Dewey Decimal Classification     London London News article 16/10/2001   WB3739-27 115144-1001 06/08/2019 1 06/08/2019 News article